Well-Known Trees - Statistics

General Stats
  • This quiz has been taken 8 times
    4 since last reset
  • The average score is 24 of 48
Answer Stats
Answer % Correct
Apple
100%
Balsa
100%
Birch
100%
Cherry
100%
Maple
100%
Oak
100%
Orange
100%
Peach
100%
Pear
100%
Pine
100%
Plum
100%
Almond
67%
Avocado
67%
Beech
67%
Cedar
67%
Elm
67%
Fig
67%
Fir
67%
Lemon
67%
Mahogany
67%
Olive
67%
Palm
67%
Sequoia
67%
Sycamore
67%
Acacia
33%
Apricot
33%
Ash
33%
Chestnut
33%
Coconut
33%
Eucalyptus
33%
Joshua
33%
Lime
33%
Rosewood
33%
Spruce
33%
Teak
33%
Willow
33%
Baobab
0%
Bonsai
0%
Cinnamon
0%
Gingko
0%
Gum
0%
Locust
0%
Mangrove
0%
Palmetto
0%
Papaya
0%
Sassafras
0%
Tamarind
0%
Yew
0%
No matching quizzes found
Score Distribution
Percent of People with Each Score
Percentile by Number Answered
Your Score History
You have not taken this quiz since the last reset